000 00701nam a2200289Ia 4500
005 20260324141747.0
008 008 260324s9999 xx 000 0 eng d
020 _a9780203007907
037 _aEBOOK
040 _aCRL
040 _beng
040 _cCRL
041 _2eng
041 _aeng
084 _qCRL
100 _aLars Udehn
_91196712
245 4 _aThe Limits of Public Choice
245 2 _bA Sociological Critique of the Economic Theory of Politics
260 _bTaylor and Francis
260 _c1996
365 _a
365 _b290
856 _uhttp://www.taylorfrancis.com/books/9780203007907
942 _cEBOOK
999 _c1812835
_d1812835